00715nam a2200205Ia 4500003000900000008004100009020001800050040001600068080002300084111002300107245012200130260003300252300001500285490007100300650004100371650002500412650002800437650001800465700002600483IN-BaIIA211028s9999 xx 000 0 eng d a0-941743-69-1 cIIA Library a524.77(082.2)bCLU aKuzmin, A. D., ed. 0aClusters of galaxies and extragalactic radio sourcescedited by A. D. Kuzmin  aNew YorkbNova Sciencec1990 axiv, 326p. aLebedev physics institute, academy of sciences of the USSR; v. 189 aAstronomy and astrophysics thesaurus aClusters of galaxies aExtragalactic astronomy aRadio sources aKuzmin, A. D., ed.